00347pab a2200133 454500008004000000100001700040245002900057260000900086300001300095362001000108650004400118650003600162773001500198180718b2004 xxu||||| |||| 00| 0 eng d aDeepak, B.R. aHow "well-off" is China? c2004 ap.26-30. a2 Oct aEconomic and social development - China aEconomic and social development aMainstream